[Event "WYCC U16 Open 2013"]
[Site "Al-Ain UAE"]
[Date "2013.12.18"]
[Round "1.47"]
[White "Hamdan, Marshool"]
[Black "Jarmula, Lukasz"]
[Result "0-1"]
[WhiteElo "1749"]
[BlackElo "2213"]
[WhiteFideId "9303804"]
[BlackFideId "1160664"]
[EventDate "2013.12.18"]

1. e4 c5 2. Nf3 d6 3. d4 cxd4 4. Nxd4 Nf6 5. Nc3 g6 6. Bc4 Bg7 7. Be3 O-O 8. f3
Nc6 9. O-O Qb6 10. Qd2 Nxe4 11. Nxc6 Nxd2 12. Nxe7+ Kh8 13. Bxb6 axb6 14. Bb3
Bd4+ 15. Kh1 Nxf1 16. Rxf1 Be6 17. Ned5 Bxc3 18. bxc3 Bxd5 19. Bxd5 b5 20. Rb1
Ra5 21. h3 Kg7 22. c4 bxc4 23. Bxc4 Rc8 24. Rb4 Rc7 25. Bb3 Re5 26. Kg1 Rce7 27.
Rb6 Re1+ 28. Kh2 Rd1 29. c4 Rd2 30. Kg3 Ree2 31. Rxb7 Rxg2+ 32. Kf4 Kf6 33. h4
h6 34. Ke3 Rge2+ 35. Kf4 g5+ 36. Kg4 Rg2+ 37. Kh5 Rd4 0-1

[Event "WYCC U16 Open 2013"]
[Site "Al-Ain UAE"]
[Date "2013.12.18"]
[Round "1.48"]
[White "Wu, Christopher"]
[Black "Gamage, Chathulanka"]
[Result "1-0"]
[WhiteElo "2198"]
[BlackElo "1745"]
[WhiteFideId "2040875"]
[BlackFideId "9908102"]
[EventDate "2013.12.18"]

1. e4 c5 2. Nf3 d6 3. d4 cxd4 4. Nxd4 Nf6 5. Nc3 a6 6. h3 e5 7. Nb3 Be6 8. Be3
Nbd7 9. Qd2 Be7 10. O-O-O Qc7 11. g4 h6 12. Kb1 b5 13. f4 exf4 14. Bxf4 Ne5 15.
Nd5 Bxd5 16. exd5 Nfd7 17. Nd4 Rc8 18. c3 h5 19. gxh5 Rxh5 20. Be2 Rh8 21. Bg4
g6 22. Bxe5 dxe5 23. Nc6 Bd6 24. Qg5 Nb6 25. Bxc8 Nxc8 26. Qf6 Rh5 27. Rhe1 Nb6
28. Nxe5 Rxe5 29. Rxe5+ Bxe5 30. Re1 Nc4 31. d6 Qd8 32. Rxe5+ Nxe5 33. Qxe5+ Kd7
34. Qd5 Kc8 35. Qc6+ Kb8 36. Qxa6 1-0

[Event "WYCC U16 Open 2013"]
[Site "Al-Ain UAE"]
[Date "2013.12.18"]
[Round "1.49"]
[White "Lopez Popov, Ivan"]
[Black "Naoum, Spyridon"]
[Result "0-1"]
[WhiteElo "1735"]
[BlackElo "2183"]
[WhiteFideId "4002083"]
[BlackFideId "4227506"]
[EventDate "2013.12.18"]

1. e4 c5 2. Nf3 e6 3. c3 Nf6 4. e5 Nd5 5. d4 cxd4 6. cxd4 d6 7. Bc4 Nb6 8. Bb3
dxe5 9. dxe5 Qxd1+ 10. Bxd1 Bd7 11. O-O Bc6 12. Re1 N8d7 13. a3 Rc8 14. Nc3 Nd5
15. Bd2 a6 16. Nd4 Nxc3 17. Bxc3 Bd5 18. a4 Be7 19. a5 O-O 20. Rc1 Bc5 21. Bc2
Rfd8 22. Nb3 Be7 23. Nd2 Nb8 24. f4 Nc6 25. Ne4 Nb4 26. Bb1 Bb3 27. Re2 Nd5 28.
Bd2 Rxc1+ 29. Bxc1 Bb4 30. Bd2 Nxf4 31. Bxf4 Rd1+ 32. Kf2 Rxb1 33. Bd2 Be7 34.
Bc3 Rd1 35. Rd2 Rxd2+ 36. Bxd2 Kf8 37. Be3 Bd5 38. Nc5 Ke8 39. g3 Kd8 40. Bd4
Kc7 41. Nd3 Be4 42. Nc5 Bc2 43. Ke2 Kc6 44. Kd2 Bxc5 45. Bxc5 Kxc5 46. Kxc2 Kd5 0-1

[Event "WYCC U16 Open 2013"]
[Site "Al-Ain UAE"]
[Date "2013.12.18"]
[Round "1.50"]
[White "Khodashenas, Mersad"]
[Black "Rodgers, Philippe"]
[Result "1-0"]
[WhiteElo "2182"]
[BlackElo "1735"]
[WhiteFideId "12514195"]
[BlackFideId "1801473"]
[EventDate "2013.12.18"]

1. e4 Nf6 2. Nc3 d5 3. e5 d4 4. Nce2 Nfd7 5. e6 Nf6 6. exf7+ Kxf7 7. Nf3 Nc6 8.
Ng3 Qd5 9. b3 Ne5 10. Bc4 Nxc4 11. bxc4 Qc5 12. Qe2 Qd6 13. O-O Kg8 14. Re1 Bg4
15. h3 Bd7 16. d3 Re8 17. Ne5 Bc8 18. Bf4 Qe6 19. a4 g6 20. Qf3 Qb6 21. a5 Qa6
22. Ne4 Bg7 23. Nc5 Qd6 24. Nxb7 Bxb7 25. Qxb7 Nh5 26. Bh2 Qf6 27. Re4 Rd8 28.
Qxc7 e6 29. g4 1-0

[Event "WYCC U16 Open 2013"]
[Site "Al-Ain UAE"]
[Date "2013.12.18"]
[Round "1.51"]
[White "Karunarathna, Chathupa Induwara"]
[Black "Bora, Safal"]
[Result "0-1"]
[WhiteElo "1734"]
[BlackElo "2176"]
[WhiteFideId "9904727"]
[BlackFideId "2066149"]
[EventDate "2013.12.18"]

1. d4 Nf6 2. e3 g6 3. Nc3 Bg7 4. e4 d6 5. Bg5 O-O 6. Qd2 c5 7. d5 Bd7 8. Bh6 b5
9. f3 b4 10. Nce2 Bxh6 11. Qxh6 e6 12. O-O-O exd5 13. exd5 c4 14. Nf4 b3 15.
Bxc4 bxa2 16. Bxa2 Qa5 17. Bb1 Na6 18. g4 Nb4 19. g5 Nfxd5 20. Nxd5 Nxd5 21. h4
Ne3 22. c3 Qa1 23. Kd2 Nxd1 24. Bc2 Ne3 25. h5 Nxc2 26. hxg6 Qe1+ 27. Kxc2 Bf5+
28. Kb3 Rab8+ 29. Ka2 Qb1+ 0-1

[Event "WYCC U16 Open 2013"]
[Site "Al-Ain UAE"]
[Date "2013.12.18"]
[Round "1.52"]
[White "Hu, Bryan"]
[Black "Gillot, Florent"]
[Result "1/2-1/2"]
[WhiteElo "2176"]
[BlackElo "1731"]
[WhiteFideId "2066327"]
[BlackFideId "225479"]
[EventDate "2013.12.18"]

1. d4 d5 2. c4 e6 3. Nf3 Nf6 4. Nc3 c6 5. e3 Nbd7 6. Bd3 Bd6 7. O-O O-O 8. Qc2
h6 9. Rd1 Qe7 10. h3 Re8 11. b3 e5 12. Bf1 e4 13. Nd2 a6 14. a4 Nf8 15. a5 Be6
16. Na4 N6d7 17. cxd5 cxd5 18. b4 Bxb4 19. Nb3 Rec8 20. Qb2 Rc7 21. Bd2 Bxd2 22.
Qxd2 Rac8 23. Nac5 Nxc5 24. Nxc5 Nd7 25. Nxb7 Ra8 26. Rab1 Ra7 27. Nc5 Nxc5 28.
dxc5 Qxc5 29. Rb6 Qc3 30. Qxc3 Rxc3 31. Ra1 Bc8 1/2-1/2

[Event "WYCC U16 Open 2013"]
[Site "Al-Ain UAE"]
[Date "2013.12.18"]
[Round "1.53"]
[White "Cop, Jaka"]
[Black "Huber, Martin Christian"]
[Result "0-1"]
[WhiteElo "1722"]
[BlackElo "2290"]
[WhiteFideId "14608383"]
[BlackFideId "1623435"]
[EventDate "2013.12.18"]

1. e4 c5 2. Nc3 Nc6 3. g3 g6 4. Bg2 Bg7 5. d3 d6 6. Be3 e5 7. Nge2 Nge7 8. O-O
O-O 9. f4 f5 10. Rb1 Rb8 11. a4 a6 12. Qd2 Nd4 13. Bxd4 exd4 14. Nd1 Bd7 15. Ra1
Qc7 16. c3 Rfc8 17. Nf2 Nc6 18. Rfc1 Be6 19. Qd1 Na5 20. Ra3 Qb6 21. Rb1 Nb3 22.
Bh3 Rf8 23. exf5 gxf5 24. Ne4 c4 25. Kf1 cxd3 26. Nxd4 Nxd4 27. cxd4 Qxd4 28.
Ng5 Bc4 29. b3 Bd5 30. Bg2 Rbe8 31. Bf3 h6 32. Bxd5+ Qxd5 33. Nf3 Re2 0-1

[Event "WYCC U16 Open 2013"]
[Site "Al-Ain UAE"]
[Date "2013.12.18"]
[Round "1.54"]
[White "Bayramov, Elkhan Khayyat"]
[Black "Kwon, Sehyun"]
[Result "1-0"]
[WhiteElo "2173"]
[BlackElo "1706"]
[WhiteFideId "13400525"]
[BlackFideId "13203088"]
[EventDate "2013.12.18"]

1. e4 c5 2. Nf3 g6 3. d4 cxd4 4. Nxd4 Bg7 5. Nc3 Nc6 6. Be3 Nf6 7. Bc4 Qa5 8.
O-O O-O 9. h3 Qb4 10. Bb3 Nxe4 11. Nd5 Qa5 12. Nxc6 dxc6 13. Nxe7+ Kh8 14. Bd4
Qc7 15. Bxg7+ Kxg7 16. Qd4+ Nf6 17. Rae1 b6 18. Re3 c5 19. Qxf6+ Kxf6 20. Nd5+
Kg7 21. Nxc7 Rb8 22. Ne8+ Kh8 23. Nd6 1-0

[Event "WYCC U16 Open 2013"]
[Site "Al-Ain UAE"]
[Date "2013.12.18"]
[Round "1.55"]
[White "Casanovas Cantarero, Eric"]
[Black "Sibashvili, Giorgi"]
[Result "0-1"]
[WhiteElo "1705"]
[BlackElo "2173"]
[WhiteFideId "6900445"]
[BlackFideId "13602799"]
[EventDate "2013.12.18"]

1. e4 c5 2. Nf3 e6 3. d3 Nc6 4. Nbd2 d6 5. g3 g6 6. Bg2 Bg7 7. O-O Nge7 8. Re1
O-O 9. c3 Rb8 10. Nb3 e5 11. Be3 b5 12. Nbd2 h6 13. a4 bxa4 14. Nc4 Be6 15. Nfd2
f5 16. f4 fxe4 17. dxe4 exf4 18. Bxf4 Nc8 19. Qxa4 Qc7 20. Qa6 g5 21. e5 d5 22.
Be3 dxc4 23. Qxc6 Qxc6 24. Bxc6 Rxb2 25. Nf1 Ne7 26. Bg2 Rc8 27. Rxa7 Nc6 28.
Ra6 Rxg2+ 29. Kxg2 Bd5+ 30. Kg1 Nxe5 31. Nd2 Rd8 32. Bxc5 Nd3 33. Bf2 Nxe1 34.
Bxe1 Bxc3 35. Rxh6 Bd4+ 36. Kf1 c3 37. Rg6+ Kf7 38. Rxg5 c2 39. Rxd5 Rxd5 40.
Nb3 Bb2 41. Ke2 c1=Q 42. Nxc1 Bxc1 43. Kf3 Kg6 44. h4 Bd2 45. Bf2 Rf5+ 46. Kg2
Kh5 0-1

[Event "WYCC U16 Open 2013"]
[Site "Al-Ain UAE"]
[Date "2013.12.18"]
[Round "1.56"]
[White "Chandran, Kapil"]
[Black "Choi, Ian"]
[Result "1-0"]
[WhiteElo "2171"]
[BlackElo "1655"]
[WhiteFideId "2034077"]
[BlackFideId "13201379"]
[EventDate "2013.12.18"]

1. e4 e6 2. d4 d5 3. Nc3 Bb4 4. exd5 exd5 5. Bd3 Nc6 6. Ne2 Nge7 7. O-O O-O 8.
a3 Bxc3 9. bxc3 Bf5 10. Ng3 Bxd3 11. cxd3 Qd7 12. a4 b6 13. f4 f5 14. Ne2 Na5
15. Ba3 Rac8 16. Rb1 a6 17. Kh1 Rf6 18. Ng1 c5 19. dxc5 bxc5 20. Nf3 Ng6 21. Ne5
Nxe5 22. fxe5 Rg6 23. Qf3 Rg4 24. Bxc5 Rxa4 25. d4 g6 26. e6 Qxe6 27. Rbe1 Qc6
28. Re7 Nb3 29. Qh3 h5 30. Qe3 Nxc5 31. Qe5 Ne6 32. Qf6 Qe8 33. Qxe6+ 1-0

[Event "WYCC U16 Open 2013"]
[Site "Al-Ain UAE"]
[Date "2013.12.18"]
[Round "1.57"]
[White "Al-Zaruoni, Fahad"]
[Black "Percivaldi, Martin"]
[Result "0-1"]
[WhiteTitle "CM"]
[WhiteElo "1649"]
[BlackElo "2169"]
[WhiteFideId "9300660"]
[BlackFideId "1508148"]
[EventDate "2013.12.18"]

1. c4 c5 2. g3 g6 3. Bg2 Bg7 4. Nc3 Nc6 5. Nf3 d6 6. O-O Bf5 7. d3 Qd7 8. Nd5
Nf6 9. Nh4 Be6 10. Bg5 O-O 11. Bxf6 exf6 12. Nf3 f5 13. Rb1 Rab8 14. a3 b5 15.
cxb5 Rxb5 16. Nc3 Rbb8 17. Nd2 Rfc8 18. e3 Na5 19. Qe2 d5 20. Nf3 d4 21. Nd1 Nb3
22. exd4 cxd4 23. Re1 Qb5 24. Ng5 Re8 25. Nf3 Bd5 26. Qc2 Rbc8 27. Rxe8+ Qxe8
28. Nc3 dxc3 29. Re1 Qd7 30. Ne5 Bxe5 31. Rxe5 Bxg2 32. Qxb3 c2 33. Kxg2 c1=Q
34. Rd5 Qcc6 0-1

[Event "WYCC U16 Open 2013"]
[Site "Al-Ain UAE"]
[Date "2013.12.18"]
[Round "1.58"]
[White "Markoja, Boris"]
[Black "Hamawi, Karim"]
[Result "1/2-1/2"]
[WhiteElo "2167"]
[BlackElo "1640"]
[WhiteFideId "14608502"]
[BlackFideId "5303621"]
[EventDate "2013.12.18"]

1. c4 e6 2. g3 d5 3. Bg2 Nf6 4. Nf3 c6 5. b3 Be7 6. O-O O-O 7. Qc2 Nbd7 8. Bb2
Re8 9. d4 Bd6 10. Nc3 b6 11. e4 dxe4 12. Nxe4 Nxe4 13. Qxe4 Bb7 14. Rad1 Qc7 15.
Rfe1 Nf6 16. Qh4 Rad8 17. d5 cxd5 18. Bxf6 gxf6 19. Qxf6 Be7 20. Qh6 Bf8 21.
Qg5+ Bg7 22. Nd4 dxc4 23. Bxb7 h6 24. Qh4 Rxd4 25. Rxd4 Bxd4 26. Qxd4 Qxb7 27.
Qxc4 Rd8 28. Qh4 Rd2 29. Qxh6 Qd5 30. Rc1 Rd1+ 31. Rxd1 Qxd1+ 32. Kg2 Qd5+ 33.
f3 Qd3 34. Qg5+ Kf8 35. Qf6 Qe2+ 36. Kh3 Qxa2 37. Qd8+ Kg7 38. Qd4+ Kg8 39. Qd3
Qa5 40. Kg4 Qb4+ 41. f4 a5 42. h4 b5 1/2-1/2

[Event "WYCC U16 Open 2013"]
[Site "Al-Ain UAE"]
[Date "2013.12.18"]
[Round "1.59"]
[White "Alasgarov, Alasgar Habil"]
[Black "Wang, Yiye"]
[Result "0-1"]
[WhiteElo "1638"]
[BlackElo "2408"]
[WhiteFideId "13405675"]
[BlackFideId "8606021"]
[EventDate "2013.12.18"]

1. e4 e6 2. d4 d5 3. exd5 exd5 4. Bd3 Bd6 5. h3 Nc6 6. c3 Qf6 7. Qf3 Qxf3 8.
Nxf3 Nge7 9. O-O Bf5 10. Bxf5 Nxf5 11. Nbd2 f6 12. Re1+ Kf7 13. Nf1 a5 14. Ne3
Nxe3 15. Bxe3 a4 16. a3 Na5 17. Nd2 Rhe8 18. g3 Ra6 19. Rac1 Rb6 20. Rc2 Rb5 21.
Rb1 Bxg3 22. fxg3 Rxe3 23. Kf2 Re6 24. g4 Rbb6 25. Rbc1 Re7 26. Re1 Rxe1 27.
Kxe1 Ke7 28. Kd1 Rc6 29. Ke2 Re6+ 30. Kd3 Re1 31. c4 dxc4+ 32. Nxc4 Nxc4 33.
Rxc4 Kd6 34. Rxa4 Rh1 35. Ke4 Rxh3 36. Rb4 b6 37. Rb5 Rg3 38. Kf4 Rg1 39. a4 g5+
40. Kf3 Rf1+ 41. Kg3 Rf4 42. a5 bxa5 43. Rxa5 Rxd4 44. Rf5 Rd3+ 45. Kg2 Ke6 46.
Rc5 Rd7 47. Rc6+ Kf7 48. Kf3 Kg6 49. b4 Rd4 50. b5 Rb4 51. Rxc7 Rxb5 52. Rc6
Rb3+ 53. Kg2 Rb4 54. Kg3 Rf4 55. Rc7 h5 56. gxh5+ Kxh5 57. Rh7+ Kg6 58. Rb7 Ra4
59. Rb6 Rd4 60. Ra6 Kf5 61. Ra5+ Ke6 62. Ra6+ Rd6 63. Ra8 f5 64. Re8+ Kf7 65.
Re5 Kg6 66. Re8 Rd3+ 67. Kf2 Kh5 68. Ra8 f4 69. Ra5 Kg4 70. Ra4 Rd2+ 71. Ke1 Rb2
72. Kf1 Kg3 73. Ra1 f3 74. Kg1 Rg2+ 75. Kf1 Rh2 0-1

[Event "WYCC U16 Open 2013"]
[Site "Al-Ain UAE"]
[Date "2013.12.18"]
[Round "1.60"]
[White "Emad, Majdlawy"]
[Black "Pomini, Aurelien"]
[Result "0-1"]
[WhiteElo "1470"]
[BlackElo "2165"]
[WhiteFideId "8106070"]
[BlackFideId "1320831"]
[EventDate "2013.12.18"]

1. d4 d5 2. Nf3 Nf6 3. c3 c5 4. Bf4 Nc6 5. Nbd2 Bf5 6. e3 Qb6 7. Qb3 c4 8. Qxb6
axb6 9. Be2 b5 10. Ne5 Nxe5 11. Bxe5 e6 12. O-O b4 13. Bxf6 gxf6 14. e4 Bg6 15.
exd5 exd5 16. Bf3 Bh6 17. Rfe1+ Kd7 18. Nf1 bxc3 19. bxc3 Kd6 20. Ne3 Ra5 21. h4
Rha8 22. Re2 Rb5 23. a4 Raa5 24. Rea2 Rb3 25. Ra3 Bf8 26. Bd1 Rb6 27. R3a2 Bd3
28. Be2 Bxe2 29. Rxe2 Rba6 30. Rb2 b5 31. Nd1 Rxa4 32. Rab1 R6a5 33. Kf1 Kc6 34.
Ne3 Ra1 35. Ke2 Rxb1 36. Rxb1 Ra2+ 37. Kf3 Bd6 38. Rc1 Ba3 39. Rc2 Rxc2 40. Nxc2
Bb2 41. Nb4+ Kd6 42. Na2 b4 43. Nxb4 Bxc3 44. Nc2 Kc6 45. Kg4 Kb5 46. h5 Ka4 47.
Kf5 Bd2 48. Kxf6 Kb3 49. Ne3 Bxe3 50. fxe3 c3 51. Kg7 c2 52. Kxh7 c1=Q 53. g4
Qxe3 54. g5 Qxg5 0-1

[Event "WYCC U16 Open 2013"]
[Site "Al-Ain UAE"]
[Date "2013.12.18"]
[Round "1.67"]
[White "Ahmed, Fareed"]
[Black "Foo, William J"]
[Result "0-1"]
[WhiteElo "1766"]
[BlackElo "2144"]
[WhiteFideId "9303677"]
[BlackFideId "419753"]
[EventDate "2013.12.18"]

1. e4 c6 2. d4 d5 3. Nc3 dxe4 4. Nxe4 h6 5. Nf3 Bf5 6. Bd3 e6 7. Qe2 Qc7 8. Bd2
Be7 9. O-O-O Nd7 10. Kb1 O-O-O 11. c4 Ngf6 12. Bc3 Rhe8 13. Ne5 Nxe5 14. dxe5
Rxd3 15. exf6 Rxd1+ 16. Rxd1 gxf6 17. Ka1 Bxe4 18. Qxe4 f5 19. Qe3 Qb6 20. Qxb6
axb6 21. f4 Rg8 22. g3 Rd8 23. Rxd8+ Kxd8 24. b4 Bd6 25. Bf6+ Kd7 26. a3 Be7 27.
Bc3 b5 28. cxb5 cxb5 29. Kb2 Kd6 30. Kc2 Kd5 31. Kd3 Bd8 32. Bd4 h5 33. h4 f6
34. Bg1 e5 35. Bf2 Bc7 36. Be3 Bb8 37. Bf2 exf4 38. gxf4 Bxf4 39. Be1 Be5 40.
Bf2 f4 41. Be1 Bd4 42. Bd2 f3 43. Bf4 f2 44. Ke2 Ke4 45. Bg3 Kf5 0-1

[Event "WYCC U16 Open 2013"]
[Site "Al-Ain UAE"]
[Date "2013.12.18"]
[Round "1.75"]
[White "Balaji, Ananthanarayanan"]
[Black "Wang, Richard"]
[Result "0-1"]
[BlackTitle "IM"]
[WhiteElo "1973"]
[BlackElo "2362"]
[WhiteFideId "421197"]
[BlackFideId "2608243"]
[EventDate "2013.12.18"]

1. Nf3 c5 2. g3 Nc6 3. Bg2 g6 4. O-O Bg7 5. c4 e5 6. Nc3 Nge7 7. e4 O-O 8. d3 d6
9. Bg5 f6 10. Be3 f5 11. Nd5 h6 12. Rb1 g5 13. Nxe7+ Qxe7 14. exf5 Bxf5 15. a3
e4 16. dxe4 Bxe4 17. h4 Bxb1 18. Qxb1 g4 19. Nh2 Ne5 20. Qe4 h5 21. Bg5 Qd7 22.
Qxb7 Qxb7 23. Bxb7 Rae8 24. Rd1 Kh8 25. Rxd6 Nxc4 26. Rd5 Re5 27. Be7 Rf7 28.
Rd8+ Kh7 29. Ba6 Rfxe7 30. Bxc4 Re1+ 31. Nf1 Bxb2 32. Kg2 Bd4 33. Nd2 Rd1 34.
Nb3 Re4 35. Rd7+ Kg6 36. Rd6+ Kg7 37. Rd7+ Kf8 38. Rf7+ Ke8 0-1

[Event "WYCC U16 Open 2013"]
[Site "Al-Ain UAE"]
[Date "2013.12.19"]
[Round "2.1"]
[White "Mousavi, Seyed Khalil"]
[Black "Duda, Jan-Krzysztof"]
[Result "0-1"]
[WhiteTitle "FM"]
[BlackTitle "GM"]
[WhiteElo "2238"]
[BlackElo "2557"]
[WhiteFideId "12511099"]
[BlackFideId "1170546"]
[EventDate "2013.12.18"]

1. Nf3 Nf6 2. c4 c5 3. Nc3 Nc6 4. g3 e5 5. Bg2 g6 6. O-O Bg7 7. d3 O-O 8. a3 d6
9. Rb1 Bd7 10. b4 b6 11. b5 Nd4 12. e3 Nxf3+ 13. Qxf3 Rb8 14. e4 Ne8 15. Qe2 Nc7
16. Bb2 Be6 17. a4 Qd7 18. Nd5 Bxd5 19. exd5 a5 20. f4 exf4 21. Bxg7 Kxg7 22.
Rxf4 Rbe8 23. Qb2+ Re5 24. d4 cxd4 25. Qxd4 Na8 26. Rbf1 f6 27. R4f2 Qc8 28. Kh1
h5 29. Qd3 Qc5 30. Re2 Rfe8 31. Rfe1 Qc8 32. Rxe5 Rxe5 33. Rxe5 fxe5 34. Be4 Qg4
35. Kg2 h4 36. Bf3 Qf5 37. Be4 h3+ 38. Kg1 Qg5 39. Kf2 Nc7 40. Qe3 Qxe3+ 41.
Kxe3 Ne8 42. g4 Kh6 43. Kf3 Kg5 44. Bd3 Nf6 45. c5 dxc5 46. d6 e4+ 47. Bxe4 Nxg4
48. Bc6 Ne5+ 49. Ke4 Kf6 50. Kd5 c4 51. d7 Nxd7 52. Kxc4 Nc5 53. Kd5 g5 54. Kd6
g4 0-1

[Event "WYCC U16 Open 2013"]
[Site "Al-Ain UAE"]
[Date "2013.12.19"]
[Round "2.2"]
[White "Bluebaum, Matthias"]
[Black "Liu, Andrew"]
[Result "1-0"]
[WhiteTitle "IM"]
[WhiteElo "2529"]
[BlackElo "2236"]
[WhiteFideId "24651516"]
[BlackFideId "2071150"]
[EventDate "2013.12.18"]

1. d4 Nf6 2. c4 g6 3. Nc3 Bg7 4. e4 d6 5. Nf3 O-O 6. Be2 e5 7. Be3 exd4 8. Nxd4
Re8 9. f3 c6 10. Bf2 d5 11. exd5 cxd5 12. O-O Nc6 13. c5 Re5 14. Nb3 Nh5 15. Qd2
Qf8 16. f4 Bh6 17. Be3 d4 18. Nxd4 Qxc5 19. fxe5 Bxe3+ 20. Qxe3 Nxd4 21. Bxh5 1-0

[Event "WYCC U16 Open 2013"]
[Site "Al-Ain UAE"]
[Date "2013.12.19"]
[Round "2.3"]
[White "Jarmula, Lukasz"]
[Black "Wagner, Dennis"]
[Result "1/2-1/2"]
[BlackTitle "IM"]
[WhiteElo "2213"]
[BlackElo "2467"]
[WhiteFideId "1160664"]
[BlackFideId "24650684"]
[EventDate "2013.12.18"]

1. d4 Nf6 2. c4 g6 3. f3 d5 4. cxd5 Nxd5 5. e4 Nb6 6. Nc3 Bg7 7. Be3 O-O 8. Qd2
Nc6 9. O-O-O Qd6 10. Kb1 Rd8 11. Nb5 Qd7 12. d5 a6 13. Nc3 Qe8 14. Qe1 Na7 15.
Nge2 Nc4 16. Bd4 e5 17. dxe6 Bxe6 18. Bxg7 Kxg7 19. Nd4 Nb6 20. Qe3 Nc6 21. Be2
Nxd4 22. Rxd4 Qe7 23. Rxd8 Rxd8 24. h4 Qb4 25. h5 Na4 26. Nxa4 Qxa4 27. Qc3+ Kg8
28. b3 Qd4 29. Qxd4 Rxd4 30. hxg6 hxg6 31. Rd1 Rxd1+ 32. Bxd1 g5 33. g3 Kf8 34.
f4 gxf4 35. gxf4 Ke7 36. Kc2 f6 37. Kc3 Kd6 38. Bf3 b6 39. Be2 a5 40. Kd4 c5+
41. Kc3 Bd7 42. a4 1/2-1/2

[Event "WYCC U16 Open 2013"]
[Site "Al-Ain UAE"]
[Date "2013.12.19"]
[Round "2.4"]
[White "Alekseenko, Kirill"]
[Black "Hua, David A"]
[Result "1-0"]
[WhiteTitle "FM"]
[WhiteElo "2445"]
[BlackElo "2229"]
[WhiteFideId "4135539"]
[BlackFideId "2030047"]
[EventDate "2013.12.18"]

1. e4 c5 2. Nf3 e6 3. d4 cxd4 4. Nxd4 a6 5. Nc3 b5 6. Bd3 Qb6 7. Nf3 Qc7 8. O-O
Bb7 9. Re1 Be7 10. e5 f5 11. a4 b4 12. Nb1 Nc6 13. Bf4 Nh6 14. Nbd2 Nf7 15. Nc4
O-O 16. h4 Na5 17. Nxa5 Qxa5 18. Ng5 Nxg5 19. hxg5 Qd5 20. Bf1 Rfc8 21. Rc1 a5
22. Qxd5 Bxd5 23. Red1 Kf7 24. Be3 Bc5 25. Bd4 Bxd4 26. Rxd4 Rc5 27. f4 Rac8 28.
Bd3 R8c7 29. Rd1 g6 30. Kf2 Kg7 31. g3 Kf8 32. Ke3 Bc6 33. Ra1 Bd5 34. Rg1 Bc6
35. b3 Bd5 36. g4 fxg4 37. Rxg4 Rc3 38. Rh4 Kg8 39. Rh6 R3c6 40. f5 gxf5 41.
Rdh4 d6 42. exd6 Rxd6 43. Bxf5 Rdd7 44. Bd3 Rg7 45. R4h5 Rcf7 46. g6 Rf3+ 47.
Ke2 Rf4 48. gxh7+ Kh8 49. Rh2 Rf8 50. Rf2 1-0

[Event "WYCC U16 Open 2013"]
[Site "Al-Ain UAE"]
[Date "2013.12.19"]
[Round "2.5"]
[White "Naoum, Spyridon"]
[Black "Paravyan, David"]
[Result "0-1"]
[BlackTitle "IM"]
[WhiteElo "2183"]
[BlackElo "2441"]
[WhiteFideId "4227506"]
[BlackFideId "4194985"]
[EventDate "2013.12.18"]

1. c4 Nf6 2. Nf3 e6 3. Nc3 Bb4 4. Qb3 c5 5. a3 Ba5 6. g4 h6 7. Rg1 d5 8. cxd5
exd5 9. g5 hxg5 10. Rxg5 Be6 11. Qxb7 Nbd7 12. b4 Rb8 13. Qa6 cxb4 14. axb4 Bxb4
15. Nd4 Nc5 16. Qxa7 Rb7 17. Qa8 Rb8 18. Qa7 O-O 19. Nc6 Qd6 20. Nxb8 Rxb8 21.
Bg2 Re8 22. Rg3 d4 23. Na2 Bc4 24. Nxb4 Bxe2 25. Ba3 Bb5+ 26. Kd1 Qe5 27. Bb2
Qe2+ 28. Kc1 Qc4+ 29. Kd1 Re1+ 30. Kxe1 Qe2# 0-1

[Event "WYCC U16 Open 2013"]
[Site "Al-Ain UAE"]
[Date "2013.12.19"]
[Round "2.6"]
[White "Karthikeyan, Murali"]
[Black "Wu, Christopher"]
[Result "1/2-1/2"]
[WhiteTitle "IM"]
[WhiteElo "2431"]
[BlackElo "2198"]
[WhiteFideId "5074452"]
[BlackFideId "2040875"]
[EventDate "2013.12.18"]

1. e4 c5 2. Nf3 d6 3. c4 e5 4. Be2 g6 5. O-O Bg7 6. b4 cxb4 7. a3 Nc6 8. axb4
Nxb4 9. Nc3 Ne7 10. Ba3 Nec6 11. Nb5 a5 12. d4 exd4 13. Nfxd4 Nxd4 14. Nxd4 Bd7
15. Rb1 O-O 16. Bxb4 axb4 17. Rxb4 Bc6 18. Nxc6 bxc6 19. Rb7 c5 20. f4 Bd4+ 21.
Kh1 Ra2 22. Rb1 Qa5 23. Bf3 Qa6 24. Qd3 Qa4 25. Bd1 Qa7 26. Qb3 Ra8 27. Bf3 Ra3 1/2-1/2

[Event "WYCC U16 Open 2013"]
[Site "Al-Ain UAE"]
[Date "2013.12.19"]
[Round "2.7"]
[White "Bora, Safal"]
[Black "Girish, A. Koushik"]
[Result "0-1"]
[BlackTitle "FM"]
[WhiteElo "2176"]
[BlackElo "2413"]
[WhiteFideId "2066149"]
[BlackFideId "5038448"]
[EventDate "2013.12.18"]

1. Nf3 d5 2. g3 g6 3. c4 dxc4 4. Na3 Be6 5. Bg2 Nf6 6. Qc2 Nc6 7. Nxc4 Bd5 8.
O-O Bg7 9. b3 Be4 10. Qd1 b5 11. Nb2 Nd5 12. d3 Nc3 13. Qe1 Bxf3 14. Bxf3 Nd4
15. Bh6 Ncxe2+ 16. Bxe2 Bxh6 17. Nd1 O-O 18. Rb1 a5 19. Ne3 Ra6 20. Bd1 Re6 21.
Qxa5 Bxe3 22. fxe3 Rxe3 23. Qd2 Nf5 24. Be2 Qd4 25. Kg2 Qe5 26. Bf3 Rd8 27. Rbe1
b4 28. Re2 Rxe2+ 29. Qxe2 Qxe2+ 30. Bxe2 Ne3+ 0-1

[Event "WYCC U16 Open 2013"]
[Site "Al-Ain UAE"]
[Date "2013.12.19"]
[Round "2.8"]
[White "Vavulin, Maksim"]
[Black "Khodashenas, Mersad"]
[Result "1/2-1/2"]
[WhiteElo "2410"]
[BlackElo "2182"]
[WhiteFideId "4169530"]
[BlackFideId "12514195"]
[EventDate "2013.12.18"]

1. e4 e5 2. Nf3 Nf6 3. Nxe5 d6 4. Nc4 Nxe4 5. Nc3 Nxc3 6. bxc3 g6 7. d4 Bg7 8.
Bd3 O-O 9. O-O Nd7 10. Ne3 c5 11. Bb2 Nb6 12. Rb1 Be6 13. a3 Qc7 14. Ba1 f5 15.
Re1 Rae8 16. Be2 f4 17. Nf1 Bf5 18. Rc1 Re7 19. Bf3 Rfe8 20. Rxe7 Rxe7 21. h3
Kh8 22. Nd2 h6 23. Nb3 Na4 24. c4 b6 25. Bd5 Be4 26. Bxe4 Rxe4 27. c3 Qd7 28.
Nd2 Re7 29. Qf3 Rf7 30. Re1 Kh7 31. Qe4 b5 32. cxb5 Qxb5 33. Rb1 Qd7 34. Nf3 Qe7
35. Qc6 Nb6 36. Re1 Qd7 37. Qe4 Qd8 38. Qc6 Qd7 39. Qe4 Qd8 40. Kh2 d5 41. Qe6
Rf6 42. Qe7 Qxe7 43. Rxe7 Nc4 44. dxc5 Kg8 45. Nd4 Bf8 46. Re8 Kf7 47. Rc8 Ra6
48. c6 Bd6 49. Nb5 Ke7 50. c7 Rc6 51. Rh8 Bxc7 52. Rh7+ Kd8 53. Rh8+ Kd7 54.
Rh7+ Kd8 55. Rh8+ Kd7 56. Rh7+ 1/2-1/2